Kiskunsági Nemzeti Park növényvilága, védett növényei /virágos növények/
Elmentve itt :
| Szerző: | |
|---|---|
| További közreműködők: | |
| Dokumentumtípus: | Szakdolgozat |
| Megjelent: |
1979
|
| Tárgyszavak: | |
| Online Access: | http://diploma.bibl.u-szeged.hu/82628 |
| LEADER | 00593nta a2200157 i 4500 | ||
|---|---|---|---|
| 001 | dipl82628 | ||
| 005 | 20200623113052.0 | ||
| 008 | 200414s1979 hu om 0|| zxx d | ||
| 040 | |a SZTE Diploma Repozitórium |b hun | ||
| 041 | |a zxx | ||
| 100 | 1 | |a Némethy Cecília | |
| 245 | 1 | 0 | |a Kiskunsági Nemzeti Park növényvilága, védett növényei /virágos növények/ |h [elektronikus dokumentum] / |c Cecília Némethy |
| 260 | |c 1979 | ||
| 650 | 4 | |a Pedagógusképzés | |
| 700 | 1 | |a Dózsa József |e ths | |
| 856 | 4 | 0 | |u http://diploma.bibl.u-szeged.hu/id/eprint/82628/1/itt_0528_1979_nemethy_cecilia.pdf |z Dokumentum-elérés |